Thiết kế cầu thép
Quyển sách trình bày: Giới thiệu chung về cầu thép, vật liệu thép, cơ sở thiết kế cầu thép, liên kết trong cầu thép, thiết kế cầu dầm thép, thiết kế cầu dàn thép.
Guardat en:
| Autor principal: | |
|---|---|
| Format: | Llibre |
| Idioma: | Undetermined |
| Publicat: |
Hà Nội
Xây dựng
2010
|
| Matèries: | |
| Etiquetes: |
Afegir etiqueta
Sense etiquetes, Sigues el primer a etiquetar aquest registre!
|
| Thư viện lưu trữ: | Trung tâm Học liệu Trường Đại học Cần Thơ |
|---|
| LEADER | 00906nam a2200205Ia 4500 | ||
|---|---|---|---|
| 001 | CTU_169193 | ||
| 008 | 210402s9999 xx 000 0 und d | ||
| 020 | |c 114000 | ||
| 082 | |a 624.4 | ||
| 082 | |b T406 | ||
| 100 | |a Nguyễn, Xuân Toàn | ||
| 245 | 0 | |a Thiết kế cầu thép | |
| 245 | 0 | |c Nguyễn Xuân Toản, Nguyễn văn Mỹ | |
| 260 | |a Hà Nội | ||
| 260 | |b Xây dựng | ||
| 260 | |c 2010 | ||
| 520 | |a Quyển sách trình bày: Giới thiệu chung về cầu thép, vật liệu thép, cơ sở thiết kế cầu thép, liên kết trong cầu thép, thiết kế cầu dầm thép, thiết kế cầu dàn thép. | ||
| 650 | |a Bridges,Iron and steel bridges,Cầu đường,Cầu sắt và cầu thép | ||
| 904 | |i Trọng Hiếu | ||
| 980 | |a Trung tâm Học liệu Trường Đại học Cần Thơ | ||